<?xml version="1.0" encoding="UTF-8" ?>
<collection xmlns="http://www.loc.gov/MARC21/slim"><record><leader>01275nam a2200313 nc4500</leader><controlfield tag="001">7998</controlfield><controlfield tag="003">Zü176</controlfield><controlfield tag="005">20241003174954.0</controlfield><datafield tag="019" ind1="1" ind2="0"><subfield code="a">7998</subfield></datafield><datafield tag="020" ind1=" " ind2=" "><subfield code="a">2-88129-022-1</subfield></datafield><datafield tag="035" ind1=" " ind2=" "><subfield code="a">(OCoLC)243840615</subfield></datafield><datafield tag="040" ind1=" " ind2=" "><subfield code="a">CH-000273-5</subfield><subfield code="b">ger</subfield><subfield code="e">rda</subfield></datafield><datafield tag="041" ind1=" " ind2=" "><subfield code="a">ger</subfield></datafield><datafield tag="245" ind1="0" ind2="0"><subfield code="a">100 Jahre Kino</subfield><subfield code="b">das Album</subfield><subfield code="c">Film Festival Genf ; Jean-Jacques Beineix, Xavier Koller, Bakhtiar Khoudoynazarov, [und 16 weitere]</subfield></datafield><datafield tag="246" ind1="3" ind2="3"><subfield code="a">Hundert Jahre Kino</subfield></datafield><datafield tag="264" ind1=" " ind2="1"><subfield code="a">Genève</subfield><subfield code="b">Promoédition SA</subfield><subfield code="c">1995</subfield></datafield><datafield tag="300" ind1=" " ind2=" "><subfield code="a">248 Seiten</subfield><subfield code="c">35 cm</subfield><subfield code="b">Illustrationen, farbig</subfield></datafield><datafield tag="336" ind1=" " ind2=" "><subfield code="a">Text</subfield><subfield code="b">txt</subfield><subfield code="2">rdacontent</subfield></datafield><datafield tag="337" ind1=" " ind2=" "><subfield code="a">ohne Hilfsmittel zu benutzen</subfield><subfield code="b">n</subfield><subfield code="2">rdamedia</subfield></datafield><datafield tag="338" ind1=" " ind2=" "><subfield code="a">Band</subfield><subfield code="b">nc</subfield><subfield code="2">rdacarrier</subfield></datafield><datafield tag="500" ind1=" " ind2=" "><subfield code="a">Banderole in Expl. 3: Kunsthaus Zürich, &quot;Illusion – Emotion – Realität, die 7. Kunst auf der Suche nach den 6 andern&quot;, 10. November 1995 – 25. Februar 1996</subfield></datafield><datafield tag="650" ind1=" " ind2="7"><subfield code="a">Kino</subfield><subfield code="y">Geschichte 1895-1995</subfield><subfield code="2">gnd</subfield></datafield><datafield tag="655" ind1=" " ind2="7"><subfield code="a">Aufsatzsammlung</subfield><subfield code="2">gnd-content</subfield></datafield><datafield tag="700" ind1="1" ind2=" "><subfield code="a">Rey, Roland</subfield><subfield code="e">Herausgeber</subfield><subfield code="4">edt</subfield></datafield><datafield tag="700" ind1="1" ind2=" "><subfield code="a">Beineix, Jean-Jacques </subfield><subfield code="d">1946-2022</subfield><subfield code="e">Mitwirkender</subfield><subfield code="4">ctb</subfield></datafield><datafield tag="700" ind1="1" ind2=" "><subfield code="a">Koller, Xavier </subfield><subfield code="d">1944-</subfield><subfield code="e">Mitwirkender</subfield><subfield code="4">ctb</subfield></datafield><datafield tag="700" ind1="1" ind2=" "><subfield code="a">Khudojnazarov, Bakhtiar </subfield><subfield code="d">1965-2015</subfield><subfield code="e">Mitwirkender</subfield><subfield code="4">ctb</subfield></datafield><datafield tag="710" ind1="2" ind2=" "><subfield code="a">Festival du film de Genève</subfield><subfield code="e">Herausgebendes Organ</subfield><subfield code="4">isb</subfield></datafield><datafield tag="852" ind1="4" ind2=" "><subfield code="a">CH-000273-5</subfield><subfield code="c">D 95/85</subfield></datafield></record></collection>